000 00788nam a2200217 a 4500
001 000035209
005 20240510073817.0
008 111026s1953 sp 000 0 spa d
040 _aDO-SdBNP
_bspa
_cBNPHU
082 _a100
_bG643i
100 1 _aGonzález Alvarez, Angel
_960955
245 1 0 _aIntroducción a la filosofía /
_cAngel González Alvarez.
260 _aMadrid, :
_bEdiciones y Publicaciones Españolas,
_c1953.
300 _a355 p. ;
_c22 cm.
490 1 _aManuales universitarios
504 _aIncluye referencias bibliográficas y notas al pie de las páginas
590 _aPerteneció a la biblioteca personal de Juan Isidro Jimenes Grullón.
650 0 _aFilosofía
_9813
830 0 _aManuales universitarios
_960561
910 _aValidado. Control de calidad MFF
999 _c34700
_d34700